000 00772nam a2200265 c 4500
999 _c343863
_d343863
003 BLK
005 20190930150503.0
008 180911b bul|||||r ||||||| ||bul||
010 _a003524
040 _aBLK
041 _aDEU
_cBUL
080 _z398.2(430)
100 1 _aSPIES, Karl
_eпърви автор
_9397283
245 0 0 _aDas Deutsche Volksmarchen
260 _aLeipzig et al.
_bB. G. Teubner
_c1917
300 _aIV, 124, 16 с
_c18 см
380 _a5
490 _aAus Natur und Geisteswelt
490 _aЧастна колекция - Академик Михаил Арнаудов
_gДарение - Основен фонд
650 _aлегенди
_9397284
655 _aЕтнология
_9396841
700 1 _aKarl Spies
_9397285
852 _aМА 640
_bМА
942 _cKNG
_n0
_s1
944 _aCR
_c1995
_kValK
999 _d343863